000 00263nam a22001217a 4500
008 181206b xxu||||| |||| 00| 0 eng d
041 _aeng
080 _23rd
_a541
100 _a12
101 _aKIM
245 _aPhysical Chemistry
_cDaniels,F
942 _2udc
_cBK
999 _c52939
_d52939